| 000 | 00696nam a2200241 i 4500 | ||
|---|---|---|---|
| 001 | 106835 | ||
| 003 | ES-MaACL | ||
| 005 | 20230906184302.0 | ||
| 007 | t| | ||
| 008 | 070104s2000 fr ||||1| fre d | ||
| 020 | _a2-7298-0210-X | ||
| 080 | _a1:81'373.46 | ||
| 100 | 1 |
_aGobry, Ivan. _957496 |
|
| 245 | 1 | 3 |
_aLe vocabulaire grec de la philosophie / _cIvan Gobry. |
| 260 |
_aParis : _bEllipses, _c[2000] |
||
| 300 |
_a143 p. ; _c19 cm. |
||
| 490 | 1 | _aVocabulaire de ... | |
| 500 | _aBiblioteca Jacinto Martínez Lacalle. | ||
| 650 | 1 | 4 |
_aFilosofía- _xTerminología. _912827 |
| 830 | 0 |
_aVocabulaire de ... _9185348 |
|
| 852 |
_aES-MaACL _jE-11470 _bR.139484 |
||
| 999 |
_c106835 _d106835 |
||